000 00294nam a22001337a 4500
008 170904b xxu||||| |||| 00| 0 eng d
020 _a08900523(2011)26(1)
041 _aeng
080 _a070
100 _a40
101 _aMED
245 _aMASS MEDIA ETHICS
_cBABCOCK,W.A
942 _2udc
_cBK
999 _c26049
_d26049